Carta de Correos y Postas de las provincias de Barcelona, Gérona, Lérida y Tarragona [ (Record no. 40215)
[ view plain ]
| 000 -LEADER | |
|---|---|
| campo de control de longitud fija | 01269nem a2200253 i 4500 |
| 001 - NÚMERO DE CONTROL | |
| campo de control | 40215 |
| 003 - IDENTIFICADOR DE NÚMERO DE CONTROL | |
| campo de control | ES-MaACL |
| 005 - FECHA Y HORA DE LA ÚLTIMA TRANSACCIÓN | |
| campo de control | 20230906160151.0 |
| 007 - CAMPO FIJO DE DESCRIPCIÓN FÍSICA--INFORMACIÓN GENERAL | |
| campo de control de longitud fija | t| |
| 008 - DATOS DE LONGITUD FIJA--INFORMACIÓN GENERAL | |
| campo de control de longitud fija | 030305s1860 sp | |0|1||spa d |
| 110 2# - ENTRADA PRINCIPAL--NOMBRE DE ENTIDAD CORPORATIVA | |
| Nombre de entidad corporativa o nombre de jurisdicción como elemento de entrada | España. |
| Unidad subordinada | Dirección General de Correos. |
| 9 (RLIN) | 160394 |
| 245 10 - MENCIÓN DEL TÍTULO | |
| Título | Carta de Correos y Postas de las provincias de Barcelona, Gérona, Lérida y Tarragona [ |
| Medio | Material cartográfico] / |
| Mención de responsabilidad, etc. | trazada por la Dirección General de Correos. |
| 255 ## - DATOS MATEMÁTICOS CARTOGRÁFICOS | |
| Mención de escala | Escala [1:460.000]. |
| 260 ## - PUBLICACIÓN, DISTRIBUCIÓN, ETC. | |
| Lugar de publicación, distribución, etc. | [Madrid?] : |
| Nombre del editor, distribuidor, etc. | Dirección General de Correos, |
| Fecha de publicación, distribución, etc. | 1860. |
| 300 ## - DESCRIPCIÓN FÍSICA | |
| Extensión | 1 h. pleg., 1 plano : |
| Otras características físicas | col. ; |
| Dimensiones | 54,5 x 69,5 cm, pleg. en 14 x 10,5 cm. |
| 501 ## - NOTA DE CON | |
| Nota de "Con" | En el plano tabla de signos convencionales de conducciones y límites reflejados en el mapa. |
| 507 ## - NOTA DE ESCALA PARA MATERIAL GRÁFICO | |
| Nota de escala o de fracción representativa | Escala expresada también en leguas de 20.000 pies. |
| 597 ## - NOTA DE DESCRIPCIÓN FÍSICA | |
| NOTA DE DESCRIPCIÓN FÍSICA | La h. pleg.: "Lista alfabética correspondiente a la Carta de Correos y Postas de Cataluña: con todas las poblaciones que tienen correo diario en las provincias de Barcelona, Gerona, Lérida y Tarragona. |
| 650 #4 - PUNTO DE ACCESO ADICIONAL DE MATERIA--TÉRMINO DE MATERIA | |
| Término de materia o nombre geográfico como elemento de entrada | Postas- |
| Subdivisión geográfica | Barcelona- |
| Subdivisión de forma | Planos. |
| 9 (RLIN) | 160399 |
| 650 #4 - PUNTO DE ACCESO ADICIONAL DE MATERIA--TÉRMINO DE MATERIA | |
| Término de materia o nombre geográfico como elemento de entrada | Postas- |
| Subdivisión geográfica | Gerona- |
| Subdivisión de forma | Planos. |
| 9 (RLIN) | 160400 |
| 650 #4 - PUNTO DE ACCESO ADICIONAL DE MATERIA--TÉRMINO DE MATERIA | |
| Término de materia o nombre geográfico como elemento de entrada | Postas- |
| Subdivisión geográfica | Lérida- |
| Subdivisión de forma | Planos. |
| 9 (RLIN) | 160401 |
| 650 #4 - PUNTO DE ACCESO ADICIONAL DE MATERIA--TÉRMINO DE MATERIA | |
| Término de materia o nombre geográfico como elemento de entrada | Postas- |
| Subdivisión geográfica | Tarragona- |
| Subdivisión de forma | Planos. |
| 9 (RLIN) | 160402 |
| 852 ## - LOCALIZACIÓN | |
| Ubicación | ES-MaACL |
| Número de control de estantería | G-13389 |
| Estatus retirado | Estado de pérdida | Estado de daño | No para préstamo | Biblioteca de origen | Biblioteca actual | Ubicación en estantería | Fecha de adquisición | Fuente de adquisición | Total de préstamos | Signatura topográfica completa | Código de barras | Visto por última vez | Precio de reemplazo | Tipo de ítem Koha |
|---|---|---|---|---|---|---|---|---|---|---|---|---|---|---|
| Biblioteca del Ateneo de Madrid | Biblioteca del Ateneo de Madrid | Sala Pecera Planta 3 | 17/01/2008 | G-13389 | 1042338 | 23/02/2023 | 23/02/2023 | Mapa |
